[Event "Orsha blitz op"]
[Site "Orsha"]
[Date "2019.01.19"]
[Round "8"]
[White "Rusov, Valery"]
[Black "Teterev, Vitaly"]
[Result "0-1"]
[WhiteElo "2097"]
[BlackElo "2407"]
[PlyCount "53"]
[EventDate "2019.01.19"]
[EventType "swiss (blitz)"]
[EventRounds "10"]
[EventCountry "BLR"]
[SourceTitle "CBM 189 Extra"]
[Source "ChessBase"]
[SourceDate "2019.06.03"]
[SourceVersion "1"]
[SourceVersionDate "2019.06.03"]
[SourceQuality "1"]

1. e4 c5 2. Nf3 e6 3. d4 cxd4 4. Nxd4 a6 5. Be2 Nf6 6. Nc3 Qc7 7. 0-0 d6 8. Be3 b5 9. a3 Bb7 10. f3 Be7 11. Qd2 0-0 12. Rac1 Nbd7 13. Bd3 Rfd8 14. Nce2 Ne5 15. c3 Rac8 16. Ng3 Nxd3 17. Qxd3 d5 18. exd5 Nxd5 19. Bf2 Nf4 20. Qe3 g6 21. Ne4 e5 22. Nb3 Bd5 23. Nbd2 Be6 24. Rb1 f5 25. Ng3 Rd3 26. Qe1 Rcd8 27. Nb3 0-1

[Event "Pskov 5th op"]
[Site "Pskov"]
[Date "2008.06.29"]
[Round "9.10"]
[White "Rusov, Valery"]
[Black "Medovkina, Viktoria"]
[Result "1-0"]
[WhiteElo "2187"]
[BlackElo "1916"]
[PlyCount "91"]
[EventDate "2008.06.22"]
[EventType "swiss"]
[EventRounds "9"]
[EventCountry "RUS"]
[SourceTitle "EXT 2022"]
[Source "ChessBase"]
[SourceDate "2021.10.06"]
[SourceVersion "1"]
[SourceVersionDate "2021.10.06"]
[SourceQuality "1"]

1. d4 e6 2. c4 d5 3. Nc3 c5 4. cxd5 exd5 5. Nf3 Nc6 6. g3 Nf6 7. Bg2 Be7 8. 0-0 0-0 9. h3 Ne4 10. dxc5 Nxc3 11. bxc3 Bxc5 12. Nd4 Re8 13. e3 Ne5 14. Kh2 Be6 15. Qb3 Qd7 16. Rb1 Re7 17. Nxe6 fxe6 18. e4 Nc4 19. exd5 exd5 20. Qxb7 Qxb7 21. Rxb7 Rd8 22. Rxe7 Bxe7 23. Rd1 Nb6 24. Be3 Bf6 25. Bd4 Bxd4 26. Rxd4 Rc8 27. Bxd5+ Nxd5 28. Rxd5 Rxc3 29. Rd8+ Kf7 30. Rd7+ Kf6 31. Rxa7 h5 32. h4 g6 33. Kg2 Rd3 34. Ra6+ Kf7 35. a4 Ra3 36. Ra7+ Kg8 37. a5 Kh8 38. a6 Kg8 39. Kf1 Ra2 40. Ke1 Kh8 41. Kd1 Kg8 42. Kc1 Kh8 43. Kb1 Ra4 44. Kb2 Kg8 45. Kb3 Ra1 46. Kc4 1-0

[Event "Pskov 5th op"]
[Site "Pskov"]
[Date "2008.06.28"]
[Round "7.7"]
[White "Khobotova, Olesia"]
[Black "Rusov, Valery"]
[Result "1/2-1/2"]
[WhiteElo "1921"]
[BlackElo "2187"]
[PlyCount "99"]
[EventDate "2008.06.22"]
[EventType "swiss"]
[EventRounds "9"]
[EventCountry "RUS"]
[SourceTitle "EXT 2022"]
[Source "ChessBase"]
[SourceDate "2021.10.06"]
[SourceVersion "1"]
[SourceVersionDate "2021.10.06"]
[SourceQuality "1"]

1. e4 c5 2. Nc3 Nc6 3. g3 e6 4. Bg2 Nf6 5. f4 d5 6. e5 Nd7 7. d3 a6 8. a4 Be7 9. Nf3 0-0 10. 0-0 Rb8 11. Re1 b5 12. g4 b4 13. Ne2 Qc7 14. Ng3 g6 15. g5 a5 16. h4 Rd8 17. h5 Nf8 18. hxg6 fxg6 19. Nh2 Nd4 20. Be3 Nf5 21. Bf2 c4 22. d4 b3 23. c3 Bb7 24. Ng4 Bc6 25. Nxf5 exf5 26. Ne3 Ne6 27. Bg3 Qd7 28. Bf3 Nc7 29. Qe2 Na8 30. Qg2 Nb6 31. Kh2 Qe6 32. Rh1 Bf8 33. Kg1 Rb7 34. Rh2 Rbd7 35. Kf2 Ba8 36. Qh1 Bb7 37. Rh3 Bc6 38. Qg2 Rf7 39. Rh2 Be7 40. Bh4 Rd7 41. Rh3 Rf8 42. Rh2 Bd8 43. Rh3 Bc7 44. Rh2 Rfd8 45. Bg3 Rf8 46. Rhh1 Rff7 47. Ra3 Bd8 48. Bh4 Be7 49. Raa1 Bf8 50. Rh3 1/2-1/2

[Event "Pskov 5th op"]
[Site "Pskov"]
[Date "2008.06.23"]
[Round "1.20"]
[White "Rusov, Valery"]
[Black "Pavlov, Boris S"]
[Result "1/2-1/2"]
[WhiteElo "2187"]
[BlackElo "2153"]
[PlyCount "105"]
[EventDate "2008.06.22"]
[EventType "swiss"]
[EventRounds "9"]
[EventCountry "RUS"]
[SourceTitle "EXT 2022"]
[Source "ChessBase"]
[SourceDate "2021.10.06"]
[SourceVersion "1"]
[SourceVersionDate "2021.10.06"]
[SourceQuality "1"]

1. e4 c5 2. Nf3 d6 3. d4 cxd4 4. Nxd4 Nf6 5. Nc3 a6 6. Bg5 e6 7. f4 Be7 8. Qf3 Qc7 9. 0-0-0 Nbd7 10. g4 b5 11. Bxf6 gxf6 12. Bd3 Bb7 13. Rhe1 0-0-0 14. Kb1 Kb8 15. a3 Rc8 16. h4 Qb6 17. Nce2 Nc5 18. c3 f5 19. gxf5 Bxh4 20. Rh1 Bf6 21. fxe6 fxe6 22. Bc2 e5 23. Nf5 Rcd8 24. Rh6 Rhf8 25. Rxh7 Qc6 26. Neg3 exf4 27. Qxf4 Be5 28. Qh4 Na4 29. Bxa4 bxa4 30. Nd4 Qb6 31. Ngf5 Rh8 32. Ne3 Bg3 33. Qe7 Rhe8 34. Qxb7+ Qxb7 35. Rxb7+ Kxb7 36. Ndf5 Rxe4 37. Nxg3 Rxe3 38. Nf5 Rf3 39. Rxd6 Rh8 40. Ne7 Rh1+ 41. Kc2 Rf2+ 42. Rd2 Rxd2+ 43. Kxd2 Rh2+ 44. Kc1 Kb6 45. Nf5 Kc5 46. Nd4 Kc4 47. Kb1 Kd3 48. Ne6 Rh1+ 49. Ka2 Kc4 50. Nd4 Re1 51. Nc2 Rh1 52. Nb4 a5 53. Nc2 1/2-1/2

[Event "Soukhumi op"]
[Site "Soukhumi"]
[Date "2007.08.04"]
[Round "2"]
[White "Ponfilenok, Vladimir"]
[Black "Rusov, Valery"]
[Result "1-0"]
[WhiteElo "2404"]
[BlackElo "2187"]
[PlyCount "69"]
[EventDate "2007.08.03"]
[EventType "swiss"]
[EventRounds "9"]
[EventCountry "RUS"]
[SourceTitle "EXT 2009"]
[Source "ChessBase"]
[SourceDate "2008.11.26"]
[SourceVersion "1"]
[SourceVersionDate "2008.11.26"]
[SourceQuality "1"]

1. d4 f5 2. Bg5 c5 3. Nc3 cxd4 4. Qxd4 Nc6 5. Qc4 Qa5 6. 0-0-0 e6 7. Qb5 a6 8. Qxa5 Nxa5 9. e4 g6 10. exf5 gxf5 11. Na4 b5 12. Be2 h5 13. Nb6 Rb8 14. Nxc8 Rxc8 15. Nh3 Be7 16. Bxe7 Nxe7 17. Nf4 Rc7 18. Rd6 0-0 19. Rhd1 Rfc8 20. R1d2 Nc4 21. Bxc4 bxc4 22. Rxd7 c3 23. bxc3 e5 24. Nxh5 Kf7 25. Ng3 Rxd7 26. Rxd7 Ke6 27. Ra7 Rg8 28. Rxa6+ Kf7 29. h4 f4 30. Ne4 Rxg2 31. Rf6+ Kg7 32. Re6 Nf5 33. Rxe5 Nxh4 34. Rg5+ Rxg5 35. Nxg5 1-0

[Event "St Petersburg op"]
[Site "St Petersburg"]
[Date "2001.??.??"]
[Round "4"]
[White "Timofeev, Andrei"]
[Black "Rusov, Valery"]
[Result "1/2-1/2"]
[WhiteElo "2350"]
[BlackElo "2238"]
[PlyCount "186"]
[EventDate "2001.??.??"]
[EventType "swiss"]
[EventRounds "9"]
[EventCountry "RUS"]
[SourceTitle "EXT 2002"]
[Source "ChessBase"]
[SourceDate "2001.11.25"]
[SourceVersion "1"]
[SourceVersionDate "2001.11.25"]
[SourceQuality "1"]

1. c4 f5 2. Nc3 Nf6 3. g3 g6 4. Bg2 Bg7 5. d3 d6 6. Rb1 c6 7. Bd2 0-0 8. Qc1 a5 9. Bh6 Bxh6 10. Qxh6 Ng4 11. Qd2 Qb6 12. e3 e5 13. Nge2 Na6 14. 0-0 Be6 15. a3 Nc5 16. b4 axb4 17. axb4 Na4 18. b5 Nxc3 19. Nxc3 Qc7 20. Rb2 Ra3 21. Rfb1 Rfa8 22. h3 Nf6 23. bxc6 bxc6 24. e4 Ra1 25. Qc1 Rxb1 26. Qxb1 fxe4 27. Nxe4 Nxe4 28. Bxe4 d5 29. cxd5 cxd5 30. Bg2 Rc8 31. Kh2 Qc5 32. Qe1 Qd4 33. Rd2 Bf7 34. h4 Rc3 35. Qe2 Ra3 36. Bf1 Ra1 37. Rc2 Ra8 38. Rc7 e4 39. dxe4 dxe4 40. Rc2 Re8 41. Qe1 Bd5 42. Bg2 Rf8 43. Re2 h5 44. Re3 Kg7 45. Kg1 Re8 46. Qc1 Re7 47. Rc3 Rf7 48. Qe3 Qxe3 49. Rxe3 Ra7 50. Bxe4 Bxe4 51. Rxe4 Ra2 52. Kg2 Rb2 53. Kf3 Ra2 54. Ke3 Rb2 55. f3 Rb3+ 56. Kf4 Kf6 57. Ra4 Rb6 58. g4 hxg4 59. Kxg4 Rc6 60. Ra7 Rb6 61. Rh7 Rb4+ 62. Kg3 Ra4 63. Rh8 Rb4 64. Rf8+ Kg7 65. Rc8 Kf6 66. Rc6+ Kf5 67. Rc5+ Kf6 68. Rg5 Ra4 69. Rg4 Ra5 70. Rf4+ Kg7 71. Kg4 Rb5 72. Re4 Ra5 73. Kf4 Rf5+ 74. Kg3 Ra5 75. Kg4 Rb5 76. Rc4 Ra5 77. Rc6 Rb5 78. Rc7+ Kf6 79. Rh7 Rb4+ 80. Kg3 Ra4 81. Rb7 Rc4 82. Rb5 Ra4 83. f4 Ra3+ 84. Kg4 Rc3 85. Rb6+ Kg7 86. h5 gxh5+ 87. Kg5 Rc5+ 88. f5 Rc7 89. Rg6+ Kf7 90. Rh6 Rc1 91. Rh7+ Kg8 92. Rb7 Rc6 93. Kxh5 Ra6 1/2-1/2